[Event "XI Torneo Leonardo di Bona Nazionale"]
[Site "Cutro ITA"]
[Date "2005.04.27"]
[Round "4"]
[White "Levato, Biagio"]
[Black "Luvera', Filippo"]
[Result "0-1"]
[WhiteElo "1531"]
[BlackElo "1739"]
[PlyCount "53"]
[EventDate "2005.04.24"]

1. e4 c5 2. Nf3 Nc6 3. g3 d6 4. Bg2 Nf6 5. d3 e6 6. O-O Be7 7. Re1 O-O 8. Nbd2
Qc7 9. a3 a6 10. Nf1 b5 11. c3 Bb7 12. b3 Rac8 13. Bb2 Rfd8 14. Rc1 Qb6 15. h4
c4 16. d4 cxb3 17. Qxb3 Na5 18. Qd1 Nc4 19. Rb1 Bxe4 20. Rxe4 Nxe4 21. N3d2
Nxb2 22. Qg4 Nf6 23. Qe2 Na4 24. Qd3 Rxc3 25. Qe2 Qxd4 26. Nb3 Qd3 27. Qe1 0-1

[Event "XI Torneo Leonardo di Bona Nazionale"]
[Site "Cutro ITA"]
[Date "2005.04.27"]
[Round "4"]
[White "Lomakina, Nadya"]
[Black "Frontera, Giuseppe"]
[Result "1-0"]
[WhiteElo "1926"]
[BlackElo "1826"]
[PlyCount "71"]
[EventDate "2005.04.24"]

1. d4 Nf6 2. Nf3 e6 3. Bg5 Be7 4. Nbd2 d5 5. e3 Nbd7 6. c3 O-O 7. Bd3 c5 8. O-O
c4 9. Bc2 b5 10. e4 Bb7 11. Re1 a5 12. exd5 Bxd5 13. Qe2 Rc8 14. Ne5 Nb6 15. a3
Qc7 16. Qe3 Ne8 17. Bxe7 Qxe7 18. Qh3 g6 19. Ne4 f5 20. Nc5 Ng7 21. Bd1 Rcd8
22. Bf3 Bxf3 23. Qxf3 Nd5 24. Nc6 Qd6 25. Nxd8 Qxd8 26. Nxe6 Nxe6 27. Rxe6 Nf6
28. Rae1 Ne4 29. Qe2 Qd7 30. Re5 b4 31. f3 Nf6 32. Re7 Qc6 33. Re6 Qd5 34. Re5
Qd6 35. Qxc4+ Kh8 36. axb4 1-0

[Event "XI Torneo Leonardo di Bona Nazionale"]
[Site "Cutro ITA"]
[Date "2005.04.27"]
[Round "4"]
[White "Mercurio, Rosario"]
[Black "Paragliola, Gennaro"]
[Result "0-1"]
[WhiteElo "1363"]
[BlackElo "1541"]
[PlyCount "46"]
[EventDate "2005.04.24"]

1. Nf3 Nf6 2. g3 g6 3. Bg2 Bg7 4. O-O O-O 5. d3 Nc6 6. c3 d5 7. Nbd2 e5 8. e4
Bg4 9. Qc2 Qd7 10. h4 Rfd8 11. Kh2 dxe4 12. dxe4 Qd3 13. Qxd3 Rxd3 14. Ng1 Rad8
15. f3 Be6 16. b3 Rxc3 17. Rf2 Rc2 18. Nh3 Bh6 19. Ng5 Nb4 20. Ba3 c5 21. Rd1
Rxa2 22. Nb1 Rxd1 23. Rxa2 Nxa2 0-1

[Event "XI Torneo Leonardo di Bona Nazionale"]
[Site "Cutro ITA"]
[Date "2005.04.27"]
[Round "4"]
[White "Olivo, Ilaria"]
[Black "Camposano, Francesco"]
[Result "1-0"]
[WhiteElo "1467"]
[BlackElo "1455"]
[PlyCount "80"]
[EventDate "2005.04.24"]

1. e4 e6 2. d4 d6 3. c4 Nf6 4. Bg5 Be7 5. Nc3 b6 6. Nf3 Nbd7 7. Bd3 Ng4 8. Bd2
Bb7 9. O-O e5 10. d5 Nc5 11. Bc2 Ba6 12. b3 Nf6 13. b4 Bxc4 14. Re1 Bd3 15.
bxc5 Bxc2 16. Qxc2 dxc5 17. Nxe5 Qd6 18. Nc4 Qd7 19. Rab1 Ng4 20. Nb5 c6 21.
dxc6 Qxc6 22. Qa4 O-O 23. Qb3 Qf6 24. Re2 a6 25. Nc7 Qh4 26. h3 Rad8 27. hxg4
Bd6 28. Nxd6 Rxd6 29. Qh3 Qd8 30. Nd5 Re6 31. Rb3 c4 32. Rf3 Rfe8 33. Nc3 b5
34. Bc1 Rd6 35. g5 Rd1+ 36. Nxd1 Qxd1+ 37. Kh2 Qxe2 38. Qg4 Rxe4 39. Qh5 Re5
40. Qxf7+ Kh8 1-0

[Event "XI Torneo Leonardo di Bona Nazionale"]
[Site "Cutro ITA"]
[Date "2005.04.27"]
[Round "4"]
[White "Olivo, Paolo"]
[Black "Minniti, Giuseppe"]
[Result "1-0"]
[WhiteElo "1700"]
[BlackElo "1749"]
[PlyCount "109"]
[EventDate "2005.04.24"]

1. d4 Nf6 2. c4 e6 3. Nc3 Bb4 4. Bg5 c5 5. a3 cxd4 6. axb4 dxc3 7. bxc3 Qc7 8.
Bxf6 gxf6 9. e3 d5 10. c5 Nc6 11. Bb5 Bd7 12. Ne2 Ne5 13. Nd4 Nc4 14. O-O Bxb5
15. Nxb5 Qd7 16. Rxa7 Rxa7 17. Nxa7 b6 18. Qa1 O-O 19. c6 Qe7 20. Qa6 Ra8 21.
Ra1 Nd6 22. b5 Kf8 23. g3 Ke8 24. Kg2 Kd8 25. Kf3 Nc8 26. Qb7 Rxa7 27. Rxa7
Nxa7 28. Qa6 Nc8 29. e4 Qc5 30. exd5 exd5 31. Kg2 Qe7 32. Qb7 Qxb7 33. cxb7 Kc7
34. bxc8=Q+ Kxc8 35. Kf3 Kd7 36. Ke3 Kd6 37. Kd4 f5 38. f3 f6 39. h3 f4 40. g4
Ke6 41. h4 h6 42. c4 dxc4 43. Kxc4 Ke5 44. Kc3 Kd5 45. Kd3 Kc5 46. Ke4 Kxb5 47.
Kxf4 Kc4 48. Ke3 Kc3 49. f4 Kc4 50. g5 fxg5 51. fxg5 hxg5 52. h5 g4 53. h6 g3
54. Kf3 g2 55. Kxg2 1-0

[Event "XI Torneo Leonardo di Bona Nazionale"]
[Site "Cutro ITA"]
[Date "2005.04.27"]
[Round "4"]
[White "Rizzuti, Pasquale"]
[Black "De Marco, Francesco"]
[Result "1-0"]
[WhiteElo "1871"]
[BlackElo "1884"]
[PlyCount "67"]
[EventDate "2005.04.24"]

1. c4 Nf6 2. Nf3 e6 3. g3 Be7 4. Bg2 O-O 5. O-O c6 6. Nc3 d5 7. d4 Nbd7 8. b3
b6 9. Bb2 Bb7 10. Re1 c5 11. cxd5 exd5 12. Rc1 a6 13. Nh4 g6 14. dxc5 Nxc5 15.
b4 Nce4 16. Qd4 Nxc3 17. Bxc3 Rc8 18. Red1 Qd6 19. e4 Rc4 20. Qxc4 dxc4 21.
Rxd6 Bxd6 22. e5 Bxg2 23. exd6 Ne4 24. Kxg2 Nxc3 25. Rxc3 b5 26. Rc1 Rd8 27.
Rd1 Kf8 28. Nf3 h6 29. Rd5 Ke8 30. Ne5 c3 31. d7+ Kf8 32. Rc5 f6 33. Rc8 Ke7
34. Nc6+ 1-0

[Event "XI Torneo Leonardo di Bona Nazionale"]
[Site "Cutro ITA"]
[Date "2005.04.27"]
[Round "4"]
[White "Russo, Carmelo"]
[Black "Frontera, Domenico"]
[Result "1/2-1/2"]
[WhiteElo "1763"]
[BlackElo "1632"]
[PlyCount "84"]
[EventDate "2005.04.24"]

1. Nf3 d5 2. b3 e6 3. Bb2 Nf6 4. g3 Be7 5. Bg2 c5 6. e3 Nc6 7. O-O O-O 8. d4 c4
9. bxc4 dxc4 10. Na3 c3 11. Bc1 Qa5 12. Nc4 Qa4 13. Qd3 b5 14. Nce5 Nxe5 15.
Nxe5 Nd5 16. Bxd5 exd5 17. Qxc3 Ba6 18. Qb3 Rac8 19. Nd7 Rfd8 20. Nc5 Bxc5 21.
dxc5 Rxc5 22. Ba3 Rxc2 23. Qxa4 bxa4 24. Rfc1 Rdc8 25. Rxc2 Rxc2 26. Bd6 Bb5
27. a3 f6 28. Rd1 Bc4 29. Rb1 Bb3 30. h3 Kf7 31. g4 Ke6 32. Bf8 g5 33. Kg2 Ke5
34. Kf3 Rc8 35. Bb4 f5 36. Rg1 Bc2 37. gxf5 Kxf5 38. Rg3 h5 39. Ke2 g4 40.
hxg4+ hxg4 41. f3 gxf3+ 42. Rxf3+ Ke6 1/2-1/2

[Event "XI Torneo Leonardo di Bona Nazionale"]
[Site "Cutro ITA"]
[Date "2005.04.27"]
[Round "4"]
[White "Virelli, Salvatore"]
[Black "Guzzo, Giovanni"]
[Result "0-1"]
[WhiteElo "1497"]
[BlackElo "1777"]
[PlyCount "56"]
[EventDate "2005.04.24"]

1. e4 e5 2. Nf3 Nc6 3. d4 exd4 4. Bc4 Qf6 5. O-O Bc5 6. Re1 Ne5 7. Nbd2 Ne7 8.
Nxe5 Qxe5 9. Nf3 Qf6 10. Ng5 O-O 11. e5 Qb6 12. Qh5 Qg6 13. Qf3 h6 14. Ne4 Bb6
15. Bd3 Qc6 16. b3 f5 17. exf6 d5 18. Qg3 Nf5 19. Qg6 dxe4 20. Bc4+ Be6 21.
Bxe6+ Qxe6 22. Ba3 Rxf6 23. Qg4 Re8 24. f3 e3 25. Re2 Qe5 26. Rd1 Qb5 27. Kf1
c5 28. Bb2 a5 0-1

[Event "XI Torneo Leonardo di Bona Nazionale"]
[Site "Cutro ITA"]
[Date "2005.04.27"]
[Round "4"]
[White "Zavaglia, Giuseppe"]
[Black "Macri', Pasquale"]
[Result "1-0"]
[WhiteElo "1730"]
[BlackElo "1368"]
[PlyCount "99"]
[EventDate "2005.04.24"]

1. e4 e5 2. Nf3 Nc6 3. Bb5 Nge7 4. O-O a6 5. Bc4 d5 6. exd5 Nxd5 7. Re1 Bd6 8.
Bxd5 O-O 9. d3 h6 10. h3 Be6 11. Nc3 Bb4 12. Bxc6 bxc6 13. Nxe5 Qf6 14. Qf3
Bxc3 15. bxc3 Bf5 16. Qxc6 Rae8 17. Qxf6 gxf6 18. Nf3 Re6 19. Bxh6 Rb8 20. Nd4
Rxe1+ 21. Rxe1 Bd7 22. Re7 Ba4 23. Nb3 Rb5 24. c4 Rh5 25. Bf4 Rf5 26. g3 c5 27.
Kf1 Kf8 28. Rc7 Rh5 29. h4 f5 30. Rxc5 Bd7 31. Rc7 Rh8 32. Rxd7 Ke8 33. Ra7 Rh7
34. Bg5 Kf8 35. Bf6 Ke8 36. Re7+ Kf8 37. c5 Rh6 38. Bg5 Rc6 39. Rd7 f6 40. Bf4
Ke8 41. Rd6 Rc8 42. h5 Kf7 43. h6 Kg8 44. c6 Kh7 45. Rd7+ Kh8 46. c7 Kg8 47.
Rd8+ Rxd8 48. cxd8=Q+ Kh7 49. Qxf6 a5 50. Qg7# 1-0

[Event "XI Torneo Leonardo di Bona Nazionale"]
[Site "Cutro ITA"]
[Date "2005.04.28"]
[Round "5"]
[White "Alo', Lucio"]
[Black "Camposano, Antonio"]
[Result "1-0"]
[WhiteElo "1601"]
[BlackElo "1425"]
[PlyCount "107"]
[EventDate "2005.04.24"]

1. Nf3 Nf6 2. d4 e6 3. c4 g6 4. Nc3 Bg7 5. Rb1 O-O 6. Bg5 Nc6 7. e4 d6 8. e5
dxe5 9. d5 Qd6 10. dxc6 Qxd1+ 11. Rxd1 bxc6 12. Nxe5 Rb8 13. b3 c5 14. Nb5 Rb7
15. Be2 Ne4 16. Nf3 a6 17. Na3 Nc3 18. Rd2 h6 19. Be3 Nxe2 20. Kxe2 f5 21. Bxc5
Bc3 22. Rd3 Bg7 23. Bxf8 Bxf8 24. Rd8 Rb8 25. Ne5 Kg7 26. Nd7 Bxd7 27. Rxb8
Bxa3 28. Rb7 Bc6 29. Rxc7+ Kf6 30. Rxc6 a5 31. Ra6 Bb4 32. a3 Bc3 33. Kd3 Bb2
34. Rxa5 e5 35. f3 f4 36. Ke4 g5 37. Rb1 Bc3 38. Ra6+ Kg7 39. Kf5 Bd4 40. b4 e4
41. Kxe4 g4 42. Kxf4 gxf3 43. Kxf3 Bc3 44. Rd1 Bf6 45. Kg4 Kg6 46. Rdd6 h5+ 47.
Kh3 Kg5 48. Ra5+ Be5 49. Rxe5+ Kf4 50. Rxh5 Ke3 51. Re5+ Kf2 52. Rd2+ Kf1 53.
Kg3 Kg1 54. Re1# 1-0

[Event "XI Torneo Leonardo di Bona Nazionale"]
[Site "Cutro ITA"]
[Date "2005.04.28"]
[Round "5"]
[White "Barbuto, Sergio"]
[Black "Russo, Carmelo"]
[Result "0-1"]
[WhiteElo "1859"]
[BlackElo "1763"]
[PlyCount "152"]
[EventDate "2005.04.24"]

1. e4 c5 2. c3 Qa5 3. Na3 Qc7 4. Nf3 Nc6 5. d4 e6 6. Nb5 Qb8 7. d5 a6 8. dxc6
axb5 9. cxd7+ Bxd7 10. Bd3 Bd6 11. b3 Nf6 12. Bb2 e5 13. Qe2 O-O 14. O-O Bc6
15. a3 Qe8 16. Rad1 c4 17. bxc4 bxc4 18. Bb1 Bxa3 19. Bxa3 Rxa3 20. Qb2 Rb3 21.
Qd2 Bxe4 22. Ba2 Ra3 23. Bxc4 Bc6 24. Rfe1 e4 25. Nd4 Ra5 26. Re2 Qb8 27. Rde1
Re5 28. Qb2 Qc7 29. h3 Rh5 30. Re3 Bd7 31. Be2 Rh4 32. Rb1 Rb8 33. Qb6 Qxb6 34.
Rxb6 Nd5 35. Rd6 Nxe3 36. fxe3 Be6 37. Nxe6 fxe6 38. Bg4 Rh6 39. Rxe6 Rd8 40.
Rxe4 Rd3 41. Re7 b6 42. c4 Kf8 43. Re4 Rc3 44. Be2 Rf6 45. Bf3 Kf7 46. Kf2 g5
47. Ke2 Rd6 48. Rd4 Ke7 49. Rxd6 Kxd6 50. Be4 h6 51. Bd3 Ke5 52. Kd2 Ra3 53.
Bc2 h5 54. g3 Ra1 55. Bg6 h4 56. gxh4 gxh4 57. Bh5 Ke4 58. Bg6+ Ke5 59. Bh5 Rh1
60. Bg4 Ke4 61. Be6 Rh2+ 62. Kc3 Kxe3 63. Bf5 Kf4 64. Be6 Kg3 65. Kb4 Rxh3 66.
Kb5 Rh1 67. Kxb6 h3 68. c5 h2 69. Bd5 Rd1 70. Be4 Kf4 71. Bg2 Ke5 72. Kc7 Rg1
73. Bf3 h1=Q 74. Bxh1 Rxh1 75. c6 Rh7+ 76. Kb8 Kd6 0-1

[Event "XI Torneo Leonardo di Bona Nazionale"]
[Site "Cutro ITA"]
[Date "2005.04.28"]
[Round "5"]
[White "Camposano, Francesco"]
[Black "Jeanrenaud, Antonia"]
[Result "1-0"]
[WhiteElo "1455"]
[BlackElo "1407"]
[PlyCount "103"]
[EventDate "2005.04.24"]

1. d4 d5 2. g3 e6 3. Nd2 Nf6 4. c4 c6 5. Bg2 Bb4 6. c5 b5 7. a3 Ba5 8. b4 Bc7
9. Ngf3 Nbd7 10. O-O O-O 11. Nb3 e5 12. dxe5 Nxe5 13. Bg5 Nxf3+ 14. Bxf3 Be5
15. Rc1 h6 16. Bxf6 Qxf6 17. a4 a6 18. Qe1 Bh3 19. Bg2 Bxg2 20. Kxg2 Bc7 21. a5
Rad8 22. e3 Qe6 23. Qc3 Be5 24. Qd3 Qf6 25. f4 Bc7 26. Qd4 Qf5 27. Rfe1 Rfe8
28. Qd2 h5 29. Nd4 Qf6 30. h4 g5 31. hxg5 Qg6 32. Qc2 Re4 33. Qd1 f6 34. Nxc6
Rd7 35. gxf6 Qxf6 36. Nd4 Qg6 37. Rh1 Rh7 38. Qf3 h4 39. Rcd1 Bd8 40. Ne2 Rhe7
41. Rxh4 Rg7 42. Rhh1 Qf5 43. Rh5 Qe6 44. Rhxd5 Bh4 45. f5 Qe8 46. R1d3 Kh7 47.
f6 Rgg4 48. f7 Rxg3+ 49. Nxg3 Bxg3 50. fxe8=Q Rxe8 51. Qxg3 Rg8 52. Rh5# 1-0

[Event "XI Torneo Leonardo di Bona Nazionale"]
[Site "Cutro ITA"]
[Date "2005.04.28"]
[Round "5"]
[White "Carabetta, Alfredo"]
[Black "Nudo, Walter"]
[Result "0-1"]
[WhiteElo "1497"]
[BlackElo "1700"]
[PlyCount "46"]
[EventDate "2005.04.24"]

1. d4 Nf6 2. c4 d6 3. Nc3 g6 4. Nf3 Bg7 5. Bf4 O-O 6. e3 a6 7. Bd3 Nbd7 8. h3
Re8 9. Ne4 Nh5 10. Bh2 e5 11. g4 Nhf6 12. d5 Nxe4 13. Bxe4 Nc5 14. Nd2 b5 15.
cxb5 axb5 16. b4 Nxe4 17. Nxe4 f5 18. gxf5 gxf5 19. f3 fxe4 20. fxe4 Qh4+ 21.
Kd2 Qxe4 22. Qb3 Qg2+ 23. Kd3 e4# 0-1

[Event "XI Torneo Leonardo di Bona Nazionale"]
[Site "Cutro ITA"]
[Date "2005.04.28"]
[Round "5"]
[White "De Marco, Francesco"]
[Black "Ielapi, Vito"]
[Result "0-1"]
[WhiteElo "1884"]
[BlackElo "1887"]
[PlyCount "70"]
[EventDate "2005.04.24"]

1. e4 e5 2. Nf3 Nc6 3. Bc4 Nf6 4. O-O Be7 5. Nc3 O-O 6. a3 Nxe4 7. Re1 Nxc3 8.
dxc3 d6 9. h3 Be6 10. Bxe6 fxe6 11. Qe2 Bf6 12. Bd2 Qe7 13. b4 Nd8 14. Rad1 Nf7
15. c4 Rad8 16. Bc3 Nh8 17. b5 Ng6 18. Qe4 b6 19. Nh2 Qf7 20. Rd3 Nh4 21. Ng4
Bg5 22. Rf1 a5 23. Rg3 Bf4 24. Rd3 Nf5 25. g3 Bg5 26. Rfd1 h5 27. Nh2 Nxg3 28.
fxg3 Qf2+ 29. Kh1 Qxc2 30. Nf3 Bh6 31. Rg1 d5 32. cxd5 exd5 33. Qg6 Rd6 34. Ne1
Qe2 35. Rg2 Qf1+ 0-1

[Event "XI Torneo Leonardo di Bona Nazionale"]
[Site "Cutro ITA"]
[Date "2005.04.28"]
[Round "5"]
[White "Di Mauro, Sebastiano"]
[Black "Virelli, Salvatore"]
[Result "1-0"]
[WhiteElo "1799"]
[BlackElo "1497"]
[PlyCount "63"]
[EventDate "2005.04.24"]

1. e4 c5 2. Nc3 d6 3. g3 Nf6 4. Bg2 Bg4 5. Nge2 Nc6 6. h3 Bh5 7. d3 e6 8. Bg5
Be7 9. Qd2 Bxe2 10. Bxf6 Bxf6 11. Qxe2 Nd4 12. Qd2 O-O 13. O-O Bg5 14. f4 Bh6
15. Ne2 Nc6 16. g4 g6 17. c3 e5 18. g5 Bg7 19. f5 Re8 20. Ng3 b5 21. Rf2 b4 22.
Raf1 bxc3 23. bxc3 a5 24. h4 Qb6 25. h5 Reb8 26. hxg6 fxg6 27. Bh3 Ra7 28. fxg6
Rf8 29. Be6+ Kh8 30. Rxf8+ Bxf8 31. Rxf8+ Kg7 32. Rg8# 1-0

[Event "XI Torneo Leonardo di Bona Nazionale"]
[Site "Cutro ITA"]
[Date "2005.04.28"]
[Round "5"]
[White "Forlano, Luigi"]
[Black "Levato, Biagio"]
[Result "1-0"]
[WhiteElo "1912"]
[BlackElo "1531"]
[PlyCount "41"]
[EventDate "2005.04.24"]

1. c4 Nf6 2. Nc3 g6 3. e4 d6 4. d4 Bg7 5. Be2 O-O 6. Bg5 c5 7. d5 Qa5 8. Qd2
Nbd7 9. f4 h6 10. Bh4 a6 11. Nf3 b5 12. Bd3 b4 13. Nd1 Re8 14. O-O Qc7 15. Nf2
Nf8 16. Rae1 e6 17. e5 dxe5 18. d6 Qb6 19. fxe5 N6d7 20. Ng4 Kh7 21. Bf6 1-0

[Event "XI Torneo Leonardo di Bona Nazionale"]
[Site "Cutro ITA"]
[Date "2005.04.28"]
[Round "5"]
[White "Frontera, Domenico"]
[Black "Ielapi, Gianbattista"]
[Result "0-1"]
[WhiteElo "1632"]
[BlackElo "1536"]
[PlyCount "50"]
[EventDate "2005.04.24"]

1. e4 c5 2. Nf3 d6 3. d4 cxd4 4. Nxd4 Nf6 5. Nc3 Nc6 6. Bc4 g6 7. Be3 Bg7 8. f3
O-O 9. Qd2 a6 10. O-O-O Nxd4 11. Bxd4 b5 12. Bb3 Bd7 13. g4 a5 14. Nd5 Nxd5 15.
Bxg7 Kxg7 16. Qxd5 a4 17. Qd4+ e5 18. Qxd6 axb3 19. a3 Qg5+ 20. Rd2 Rad8 21. h4
Qf6 22. Rhd1 bxc2 23. Qxf6+ Kxf6 24. g5+ Kg7 25. Rxd7 cxd1=Q+ 0-1

[Event "XI Torneo Leonardo di Bona Nazionale"]
[Site "Cutro ITA"]
[Date "2005.04.28"]
[Round "5"]
[White "Frontera, Giuseppe"]
[Black "De Giglio, Michele"]
[Result "1-0"]
[WhiteElo "1826"]
[BlackElo "1745"]
[PlyCount "39"]
[EventDate "2005.04.24"]

1. e4 Nf6 2. e5 Nd5 3. d4 d6 4. Nf3 Nc6 5. h3 Bf5 6. Bd3 Qd7 7. O-O Ndb4 8. a3
Nxd3 9. cxd3 dxe5 10. dxe5 Qxd3 11. Qa4 Rd8 12. Nc3 Bxh3 13. Bf4 a6 14. Rfd1
Qg6 15. Rxd8+ Kxd8 16. Bg3 Bd7 17. Rd1 Kc8 18. e6 fxe6 19. Rxd7 b5 20. Rxc7+
1-0

[Event "XI Torneo Leonardo di Bona Nazionale"]
[Site "Cutro ITA"]
[Date "2005.04.28"]
[Round "5"]
[White "Guzzo, Giovanni"]
[Black "Amodei, Diego"]
[Result "1-0"]
[WhiteElo "1777"]
[BlackElo "1634"]
[PlyCount "33"]
[EventDate "2005.04.24"]

1. Nf3 Nf6 2. g3 c6 3. Bg2 d5 4. d3 Bf5 5. O-O Nbd7 6. Nbd2 e6 7. b3 Qa5 8. Bb2
Bb4 9. a3 Bc3 10. b4 Bxb4 11. axb4 Qxb4 12. Rb1 Qa5 13. Bxf6 gxf6 14. Rxb7 Nb6
15. Qa1 Qxa1 16. Rxa1 a6 17. Rxb6 1-0

[Event "XI Torneo Leonardo di Bona Nazionale"]
[Site "Cutro ITA"]
[Date "2005.04.28"]
[Round "5"]
[White "Luvera', Filippo"]
[Black "Fagotto, Roberto"]
[Result "0-1"]
[WhiteElo "1739"]
[BlackElo "1940"]
[PlyCount "80"]
[EventDate "2005.04.24"]

1. e4 d5 2. exd5 Qxd5 3. Nc3 Qa5 4. d4 c6 5. Nf3 Nf6 6. Bc4 Bf5 7. O-O e6 8.
Bb3 Nbd7 9. Bd2 Qc7 10. Qe2 Be7 11. h3 h6 12. Rfe1 Nb6 13. Ne5 O-O 14. Bf4 Bd6
15. Qf3 Nbd5 16. Bd2 Nxc3 17. bxc3 Rad8 18. g4 Bh7 19. Bxh6 Nd7 20. Nxf7 gxh6
21. Nxh6+ Kg7 22. Qe3 Bf4 23. Qxe6 Bxh6 24. Qe7+ Kh8 25. Re5 Bg7 26. Rh5 Qf4
27. Qh4 Nf6 28. Rf5 Qh6 29. Qxh6 Bxh6 30. Re5 Bg7 31. Re7 Rd7 32. Re2 Re8 33.
Rd2 Rde7 34. Kf1 Ne4 35. Rdd1 Nxc3 36. Re1 Bxd4 37. Rxe7 Rxe7 38. Rc1 Bg8 39.
h4 Bxb3 40. cxb3 Rf7 0-1

[Event "XI Torneo Leonardo di Bona Nazionale"]
[Site "Cutro ITA"]
[Date "2005.04.28"]
[Round "5"]
[White "Macri', Pasquale"]
[Black "Paragliola, Gennaro"]
[Result "0-1"]
[WhiteElo "1368"]
[BlackElo "1541"]
[PlyCount "62"]
[EventDate "2005.04.24"]

1. e4 d6 2. d4 Nf6 3. Nc3 g6 4. Bc4 Bg7 5. Nf3 O-O 6. Bf4 c6 7. e5 Nh5 8. Qd2
Nxf4 9. Qxf4 dxe5 10. Nxe5 Be6 11. Bxe6 fxe6 12. Nf7 Rxf7 13. Qg4 Qd7 14. O-O-O
Na6 15. d5 cxd5 16. Rxd5 Qc6 17. Rd3 Rxf2 18. Re1 Nc5 19. Rh3 Qxg2 20. Qxg2
Rxg2 21. Nb5 e5 22. Nc7 Rd8 23. b4 Na4 24. Ne6 Rdd2 25. Nxg7 Kxg7 26. Ra3 Rxc2+
27. Kb1 Nc3+ 28. Ka1 Nb5 29. Ra5 Nc3 30. Rxa7 Rxa2+ 31. Rxa2 Rxa2# 0-1

[Event "XI Torneo Leonardo di Bona Nazionale"]
[Site "Cutro ITA"]
[Date "2005.04.28"]
[Round "5"]
[White "Minniti, Giuseppe"]
[Black "Olivo, Ilaria"]
[Result "1-0"]
[WhiteElo "1749"]
[BlackElo "1467"]
[PlyCount "21"]
[EventDate "2005.04.24"]

1. e4 e5 2. d4 Nc6 3. d5 Nb8 4. Bd3 Bc5 5. Qg4 g6 6. Ne2 Nf6 7. Qg3 d6 8. Bg5
c6 9. c4 Nbd7 10. O-O h6 11. Qh4 1-0

[Event "XI Torneo Leonardo di Bona Nazionale"]
[Site "Cutro ITA"]
[Date "2005.04.28"]
[Round "5"]
[White "Policastrese, Domenico"]
[Black "Mercurio, Rosario"]
[Result "0-1"]
[WhiteElo "1449"]
[BlackElo "1363"]
[PlyCount "82"]
[EventDate "2005.04.24"]

1. e4 e6 2. d3 d5 3. Nc3 d4 4. Nb5 Bd7 5. Nxd4 Bc5 6. Be3 Na6 7. c3 Qf6 8. Ngf3
e5 9. Nc2 Bg4 10. d4 Rd8 11. Bg5 Bxf3 12. Bxf6 Bxd1 13. Bxd8 Bxc2 14. Bxa6 bxa6
15. dxc5 Kxd8 16. O-O Nf6 17. Rac1 Bxe4 18. Rfe1 Re8 19. Rcd1+ Kc8 20. b4 Bc6
21. c4 Ne4 22. Rc1 Rd8 23. b5 axb5 24. cxb5 Bd5 25. a4 f6 26. a5 Nd2 27. a6 Nb3
28. Rc3 Na5 29. b6 Kb8 30. Rd1 Nc6 31. b7 Nd4 32. c6 Ne2+ 33. Kf1 Nxc3 34. Re1
Bxc6 35. f4 Bb5+ 36. Kf2 Rd2+ 37. Kg3 Ne2+ 38. Kf3 exf4 39. g3 Bc6+ 40. Kf2
Nxg3+ 41. Kg1 Rg2# 0-1

[Event "XI Torneo Leonardo di Bona Nazionale"]
[Site "Cutro ITA"]
[Date "2005.04.28"]
[Round "5"]
[White "Policastrese, Salvatore"]
[Black "Tassone, Francesco"]
[Result "1-0"]
[WhiteElo "1401"]
[BlackElo "1535"]
[PlyCount "74"]
[EventDate "2005.04.24"]

1. e4 c6 2. Nf3 d5 3. Nc3 Bg4 4. Be2 Nf6 5. d3 e6 6. Bg5 Be7 7. h3 Bh5 8. g4
Bg6 9. Qd2 h6 10. Bh4 dxe4 11. Bxf6 Bxf6 12. dxe4 Nd7 13. h4 Ne5 14. Nxe5 Qxd2+
15. Kxd2 Bxe5 16. g5 Rd8+ 17. Bd3 Ke7 18. gxh6 Rxh6 19. f3 Rdh8 20. a4 a5 21.
Rab1 Bd6 22. Ne2 Kd7 23. c3 b6 24. b4 axb4 25. cxb4 Kc7 26. Ba6 Rb8 27. a5 Rhh8
28. Nc3 b5 29. Rbc1 Kd7 30. Nxb5 cxb5 31. Kc3 Ke7 32. Kb3 Ra8 33. Bxb5 Rac8 34.
Rc6 Rxc6 35. Bxc6 Bh5 36. b5 Bxf3 37. Re1 Re8 1-0

[Event "XI Torneo Leonardo di Bona Nazionale"]
[Site "Cutro ITA"]
[Date "2005.04.28"]
[Round "5"]
[White "Rizzuti, Pasquale"]
[Black "Lomakina, Nadya"]
[Result "1-0"]
[WhiteElo "1871"]
[BlackElo "1926"]
[PlyCount "55"]
[EventDate "2005.04.24"]

1. Nf3 Nf6 2. c4 e6 3. g3 b6 4. Bg2 Bb7 5. O-O c5 6. Nc3 d5 7. Ne5 Bd6 8. d4
Qc7 9. Nb5 Qe7 10. Bg5 h6 11. Nxd6+ Qxd6 12. Bxf6 gxf6 13. Ng4 Nd7 14. dxc5
bxc5 15. cxd5 exd5 16. Ne3 Nb6 17. Nf5 Qe5 18. Bh3 Kf8 19. Qc2 d4 20. Rac1 c4
21. Qd2 Rd8 22. Rfd1 d3 23. Re1 Qb5 24. b3 Be4 25. a4 Qxb3 26. a5 Na4 27. exd3
Qxd3 28. Qb4+ 1-0

[Event "XI Torneo Leonardo di Bona Nazionale"]
[Site "Cutro ITA"]
[Date "2005.04.28"]
[Round "5"]
[White "Zavaglia, Giuseppe"]
[Black "Olivo, Paolo"]
[Result "1-0"]
[WhiteElo "1730"]
[BlackElo "1700"]
[PlyCount "53"]
[EventDate "2005.04.24"]

1. e4 e5 2. Nf3 Nc6 3. Bc4 Bc5 4. c3 d6 5. d3 Bg4 6. b4 Bb6 7. a4 a6 8. O-O Nf6
9. Re1 O-O 10. Nbd2 d5 11. exd5 Nxd5 12. Qb3 Nf4 13. Ba3 Qd7 14. Qc2 Nh3+ 15.
gxh3 Bxh3 16. Kh1 Bxf2 17. Re2 Bb6 18. Ne4 Qg4 19. Nfg5 Ne7 20. Nxh3 Qxh3 21.
Rg2 Nf5 22. Qe2 Qh6 23. Rf1 Ne3 24. Bc1 Qh3 25. Bxe3 Qxe3 26. Qh5 h6 27. Qg6
1-0

[Event "C.to Provinciale CO"]
[Site "Mariano Comense ITA"]
[Date "2005.03.05"]
[Round "1"]
[White "Buonocore, Elio"]
[Black "Bernasconi, Roberto"]
[Result "0-1"]
[WhiteElo "2170"]
[BlackElo "1803"]
[PlyCount "60"]
[EventDate "2005.03.05"]

1. e4 e5 2. Nf3 Nf6 3. Nxe5 d6 4. Nf3 Nxe4 5. d4 d5 6. Bd3 Be7 7. O-O Nc6 8. c4
Nf6 9. cxd5 Nxd5 10. h3 O-O 11. Nc3 Be6 12. a3 Bf6 13. Be4 h6 14. Qd3 a6 15.
Rd1 Qd6 16. Bh7+ Kh8 17. Ne4 Qd8 18. Nc5 Qc8 19. Nxe6 Qxe6 20. Bf5 Qd6 21. Ne5
Rad8 22. Nxc6 Qxc6 23. Bd2 Qb6 24. Bc3 Rfe8 25. Qf3 Qd6 26. g3 g6 27. Be4 Re6
28. Bxd5 Qxd5 29. Qf4 Bg5 30. Qxf7 Re1+ 0-1

[Event "C.to Provinciale CO"]
[Site "Mariano Comense ITA"]
[Date "2005.03.05"]
[Round "1"]
[White "Emoroso, Claudio"]
[Black "Perissinotto, Claudio"]
[Result "0-1"]
[WhiteElo "1790"]
[BlackElo "2100"]
[PlyCount "118"]
[EventDate "2005.03.05"]

1. e4 c5 2. Nf3 d6 3. d4 cxd4 4. Nxd4 Nf6 5. Bb5+ Nbd7 6. Nd2 g6 7. c3 Bg7 8.
O-O O-O 9. Kh1 Nc5 10. f3 Qc7 11. N2b3 e5 12. Ne2 a6 13. Nxc5 Qxc5 14. Bd3 d5
15. Ng3 Be6 16. Qe2 Rfd8 17. Bg5 h6 18. Be3 Qc7 19. Rfd1 dxe4 20. Nxe4 Nd5 21.
Bd2 f5 22. Nf2 Rd7 23. Bc4 Rad8 24. Bb3 Kh7 25. Rac1 Qc6 26. Bc2 b5 27. Bb1 Nb6
28. b3 Bd5 29. Be1 Bf6 30. Bd2 Nc8 31. Nd3 e4 32. Ne1 exf3 33. gxf3 Bh4 34. Qe3
Bg5 35. Qf2 Bxd2 36. Rxd2 Bxf3+ 37. Qxf3 Qxf3+ 38. Nxf3 Rxd2 39. Nxd2 Rxd2 40.
a4 Kg7 41. axb5 axb5 42. c4 b4 43. c5 Kf6 44. c6 Ke5 45. Bc2 Kd6 46. h4 h5 47.
Rd1 Rxd1+ 48. Bxd1 Kxc6 49. Be2 Kd5 50. Bc4+ Ke4 51. Kg2 Nd6 52. Be6 Ke3 53.
Bd5 f4 54. Bc6 Nf5 55. Kf1 f3 56. Bb5 Nxh4 57. Be8 Nf5 58. Kg1 Ng3 59. Kh2 f2
0-1

[Event "C.to Provinciale CO"]
[Site "Mariano Comense ITA"]
[Date "2005.03.05"]
[Round "1"]
[White "Gagliardi, Christian"]
[Black "Grassetto, Gilberto"]
[Result "1-0"]
[WhiteElo "2091"]
[BlackElo "1724"]
[PlyCount "63"]
[EventDate "2005.03.05"]

1. e4 c5 2. Nf3 d6 3. d4 cxd4 4. Nxd4 Nf6 5. Nc3 a6 6. a4 e6 7. a5 Be7 8. Be3
O-O 9. Be2 Nbd7 10. O-O b5 11. axb6 Nxb6 12. Nc6 Qc7 13. Nxe7+ Kh8 14. Nxc8
Rfxc8 15. Bxa6 Rd8 16. Bb5 Rab8 17. Qe2 d5 18. exd5 Nbxd5 19. Nxd5 Rxd5 20. c4
Rdd8 21. Rfd1 h5 22. h3 Qe5 23. b3 g5 24. Qf3 g4 25. Qf4 Qxf4 26. Bxf4 Rxd1+
27. Rxd1 Rg8 28. Be5 Kg7 29. hxg4 hxg4 30. c5 Kg6 31. c6 Kf5 32. Bxf6 1-0